000
00267nam a22001097a 4500
005
20260310113021.0
100
_a
Rani Jose
245
_a
Rubberthaikalude apakwakaala paricharanangal
260
_b
Rubber, 716(January): 23-25.
_c
2026
300
_b
Malayalam
942
_c
JS
999
_c
75875
_d
75875